00970cam a22002651 4500001001300000003000400013005001700017008004100034010001700075035001900092040004800111042001200159043001200171050002300183082001500206100003400221245010300255260004700358300003400405490007000439500009300509504002800602650003300630700004100663agr42000213 DLC20260227111001.0790307s1942 dcuab b f000 0 eng c aagr42000213  a(OCoLC)4719642 aU.S. Dept. of Agr. LibrarycMChBdMChBdDLC apremarc an-cn---00aHG2041b.U58 no. 3 a332.7109711 aWooster, Julia Louise,d1914-10aAgricultural credit in Canada,cby Julia L. Wooster ... with the collaboration of Walter Bauer ... aWashington,bU.S. Govt. Print. Off.c1942. a63 p.b1 illus., map.c23 cm.0 a[United States] Farm Credit Administration ... Bulletin no. CR-3 aAt head of title: Farm Credit Administration. Economic and Credit Research Division ... aBibliography: p. 61-63. 0aAgricultural creditzCanada.1 aBauer, Walter,d1902-ejoint author.